000 00750nam a22001937a 4500
003 JO-AjAnu
005 20251021125026.0
008 251021b jo ||||| |||| 00| 0 ara d
020 _a978-9923-13-384-2
022 _a1578/3/2021
040 _aANU
_cJO-AjAnu
041 _hARA
100 _aالكايد، ركان حسن
_eمؤلف
_966918
245 _aاستدعاء الشخصيات التراثية في الشعر الأردني الحديث
_c / ركان حسن الكايد
260 _aعمان :
_bالآن موزعون وناشرون؛
_c2021
300 _a238 صفحة
650 _vالشعراء الأردنيون-الشعر العربي-النقد الأدبي-الدراسات الأدبية-الأردن
942 _2lcc
_cBK
_n0
999 _c34149
_d34149